000 00731nam a2200217 i 4500
001 31708
003 ES-MaACL
005 20231229062540.0
007 t|
008 030129s1952 sp ||||1| spa d
100 1 _aBedel, Maurice.
_926991
245 1 0 _aJerome 60 Latitud Norte /
_cMaurice Bedel ; traducción del francés por César A. Comet ; nota preliminar de F. S. R.
260 _a[Madrid :
_bAguilar,
_c1952] (
_fHalar)
300 _a414 p., 1 lám. :
_bretr. aut. ;
_c12 cm.
490 1 _aCrisol ;
_v351
700 1 _aComet, César A.
_940002
700 1 _aSainz de Robles, Federico Carlos,
_d1898-1982
_9101593
830 0 _aCrisol ;
_v351
_9180848
852 _aES-MaACL
_jD-8395
_bR.33049
999 _c31708
_d31708